| 000 | 00657nam a2200241Ia 4500 | ||
|---|---|---|---|
| 003 | OSt | ||
| 005 | 20230418090901.0 | ||
| 008 | 210423s2009 xx 000 0 und d | ||
| 020 | _a9788120338883 | ||
| 040 | _cAL | ||
| 041 | _aeng | ||
| 082 |
_a338.954 _223 _bKANP |
||
| 100 |
_aKANAGASABAPATHI (P) _989608 |
||
| 245 | _aIndian models of economy business and management | ||
| 250 | _a2 | ||
| 260 |
_aNew Delhi _bPHI Learning Pvt Ltd _c2009 |
||
| 300 |
_axviii,318 _bPB |
||
| 365 |
_b275 _cINR |
||
| 650 |
_aEconomics _989609 |
||
| 650 |
_aHistory of India _989610 |
||
| 906 | _abusiness ; economy ; Indian ; management ; models | ||
| 942 |
_2ddc _cBK |
||
| 999 |
_c160595 _d160595 |
||